Титриметрически методы анализа в контроле качества; Ресурсоэффективные системы в управлении и контроле: взгляд в будущее

Podrobná bibliografie
Parent link:Ресурсоэффективные системы в управлении и контроле: взгляд в будущее.— 2017.— [С. 77]
Hlavní autor: Гомер В. О.
Korporativní autor: Национальный исследовательский Томский политехнический университет (ТПУ) Институт кибернетики (ИК) Кафедра систем управления и мехатроники (СУМ)
Další autoři: Казаков В. Ю. Вениамин Юрьевич (научный руководитель)
Shrnutí:Заглавие с экрана
Jazyk:ruština
Vydáno: 2017
Edice:Информационно-измерительная техника
Témata:
On-line přístup:http://earchive.tpu.ru/handle/11683/44688
Médium: MixedMaterials Elektronický zdroj Kapitola
KOHA link:https://koha.lib.tpu.ru/cgi-bin/koha/opac-detail.pl?biblionumber=624798

MARC

LEADER 00000naa2a2200000 4500
001 624798
005 20240119144416.0
035 |a (RuTPU)RU\TPU\conf\24058 
035 |a RU\TPU\conf\24055 
090 |a 624798 
100 |a 20171130d2017 k y0rusy50 ca 
101 0 |a rus 
102 |a RU 
105 |a y z 101zy 
135 |a drgn ---uucaa 
181 0 |a i  
182 0 |a b 
200 1 |a Титриметрически методы анализа в контроле качества  |f В. О. Гомер  |g науч. рук. В. Ю. Казаков 
203 |a Текст  |c электронный 
225 1 |a Информационно-измерительная техника 
300 |a Заглавие с экрана 
463 0 |0 (RuTPU)RU\TPU\conf\23960  |t Ресурсоэффективные системы в управлении и контроле: взгляд в будущее  |o сборник научных трудов VI Международной конференции школьников, студентов, аспирантов, молодых ученых, 9 -14 октября 2017 г., г. Томск  |f Национальный исследовательский Томский политехнический университет (ТПУ)  |v [С. 77]  |d 2017 
610 1 |a электронный ресурс 
610 1 |a труды учёных ТПУ 
610 1 |a титриметрические методы 
610 1 |a контроль качества 
610 1 |a титраторы 
610 1 |a автоматизация 
610 1 |a радиофармпрепараты 
610 1 |a потенциометрические методы 
700 1 |a Гомер  |b В. О. 
702 1 |a Казаков  |b В. Ю.  |c специалист в области контрольно-измерительной техники  |c доцент Томского политехнического университета, кандидат физико-математических наук   |f 1959-  |g Вениамин Юрьевич  |4 727 
712 0 2 |a Национальный исследовательский Томский политехнический университет (ТПУ)  |b Институт кибернетики (ИК)  |b Кафедра систем управления и мехатроники (СУМ)  |3 (RuTPU)RU\TPU\col\22617 
801 2 |a RU  |b 63413507  |c 20171205  |g RCR 
856 4 |u http://earchive.tpu.ru/handle/11683/44688 
942 |c BK